000 00266nam a22001337a 4500
003 SGT
082 _a340,SAS
100 _aSASSALI,M.
245 _aHOW DOES LAW PROTECT IN WAR
250 _a2ND
260 _aLADAN
_bICRC
_c2006
300 _a509
942 _2ddc
_cBK
999 _c11257
_d11257